<?xml version="1.0" encoding="UTF-8"?>
<record
    xmlns:xsi="http://www.w3.org/2001/XMLSchema-instance"
    xsi:schemaLocation="http://www.loc.gov/MARC21/slim http://www.loc.gov/standards/marcxml/schema/MARC21slim.xsd"
    xmlns="http://www.loc.gov/MARC21/slim">

  <leader>00642nam a22001697a 4500</leader>
  <controlfield tag="008">170511b        xxu||||| |||| 00| 0 eng d</controlfield>
  <datafield tag="020" ind1=" " ind2=" ">
    <subfield code="a">	9780952676751</subfield>
  </datafield>
  <datafield tag="050" ind1=" " ind2=" ">
    <subfield code="a">BX 9225</subfield>
    <subfield code="b">.S6 2014</subfield>
  </datafield>
  <datafield tag="100" ind1=" " ind2=" ">
    <subfield code="a">Ilukor, Geresom</subfield>
  </datafield>
  <datafield tag="245" ind1=" " ind2=" ">
    <subfield code="a">Geresom Ilukor Soroti: Who and Deeds, the Autobiography</subfield>
  </datafield>
  <datafield tag="260" ind1=" " ind2=" ">
    <subfield code="a">Lance:</subfield>
    <subfield code="b">Sue White Secretarial Services,</subfield>
    <subfield code="c">2014.</subfield>
  </datafield>
  <datafield tag="300" ind1=" " ind2=" ">
    <subfield code="a"> 76 pages</subfield>
    <subfield code="b">illustrations (black and white, and colour), portraits (black and white, and colour)</subfield>
    <subfield code="c"> 21 cm</subfield>
  </datafield>
  <datafield tag="650" ind1=" " ind2=" ">
    <subfield code="a"> Ilukor, Geresom, </subfield>
    <subfield code="y"> 1935-2013.</subfield>
  </datafield>
  <datafield tag="650" ind1=" " ind2=" ">
    <subfield code="a">Bishops </subfield>
    <subfield code="z">Uganda </subfield>
    <subfield code="x">Biography.</subfield>
  </datafield>
  <datafield tag="700" ind1=" " ind2=" ">
    <subfield code="a">Swarbrick,  Elizabeth </subfield>
    <subfield code="e">(editor and translator)</subfield>
  </datafield>
  <datafield tag="942" ind1=" " ind2=" ">
    <subfield code="2">lcc</subfield>
    <subfield code="c">BK</subfield>
  </datafield>
  <datafield tag="999" ind1=" " ind2=" ">
    <subfield code="c">14021</subfield>
    <subfield code="d">14021</subfield>
  </datafield>
  <datafield tag="952" ind1=" " ind2=" ">
    <subfield code="2">lcc</subfield>
    <subfield code="5">1</subfield>
    <subfield code="7">1</subfield>
    <subfield code="9">16851</subfield>
    <subfield code="a">JHIA</subfield>
    <subfield code="b">JHIA</subfield>
    <subfield code="c">GEN</subfield>
    <subfield code="d">2017-05-11</subfield>
    <subfield code="l">0</subfield>
    <subfield code="o">BX 9225 .S6 2014</subfield>
    <subfield code="p">18192</subfield>
    <subfield code="r">2017-05-11 00:00:00</subfield>
    <subfield code="y">BK</subfield>
  </datafield>
</record>
